Vyplácanie dlhopisov závisí len od privatizačných výnosov

Množstvo dlhopisov vyplatených FNM SR fyzickým osobám za prvý polrok r. 2001. Forma vyplácania dlhopisov. Vyplácanie dlhopisov majiteľom najmä zo zdrojov tohtoročnej privatizácie. FNM vkladá veľké nádeje do príjmov z privatizácie majoritného balíka akcií Všeobecnej úverovej banky, a.s. Bratislava. Ď...

Descrizione completa

Salvato in:
Dettagli Bibliografici
Autore principale: Medžová, Andrea
Natura: Capitolo di libro
Lingua:slovacco
Soggetti:
Tags: Aggiungi Tag
Nessun Tag, puoi essere il primo ad aggiungerne!!

MARC

LEADER 00000naa a2200000 4500
001 r042296
005 20230921111540.7
041 0 |a slo 
044 |a SK 
245 1 0 |a Vyplácanie dlhopisov závisí len od privatizačných výnosov  |c Andrea Medžová 
520 |a Množstvo dlhopisov vyplatených FNM SR fyzickým osobám za prvý polrok r. 2001. Forma vyplácania dlhopisov. Vyplácanie dlhopisov majiteľom najmä zo zdrojov tohtoročnej privatizácie. FNM vkladá veľké nádeje do príjmov z privatizácie majoritného balíka akcií Všeobecnej úverovej banky, a.s. Bratislava. Ďalšie zdroje, z ktorých by sa mohli vyplácať dlhopisy. Nevyhnutná prolongácia nárokov právnických osôb. Štatistika splácania dlhopisov FNM. 
610 2 0 |a dlhopisy 
610 2 0 |a osoby fyzické 
610 2 0 |a osoby právnické 
610 2 0 |a privatizácia 
610 2 0 |a výnosy 
610 2 0 |a zdroje finančné 
610 2 0 |a FNM SR Bratislava 
610 2 0 |a 2001 
100 1 |a Medžová, Andrea